000
00324nam a2200109Ia 4500
008
200302s9999 xx 000 0 und d
100
_a
claire Constans & Other
245
_a
Versailles Complete Guide of the Tour of the Chateau and the Gardens
260
_b
Marque et presentation Deposees
260
_c
1989
300
_a
103 P.,
999
_c
2239
_d
2239